An Introduction to legal systems / (Record no. 8631)

MARC details
000 -LEADER
fixed length control field 00540nam a22001932 4500
001 - CONTROL NUMBER
control field 0000018726
005 - DATE AND TIME OF LATEST TRANSACTION
control field 20151217152133.0
008 - FIXED-LENGTH DATA ELEMENTS--GENERAL INFORMATION
fixed length control field 100610s xx 000 0 eng d
020 ## - INTERNATIONAL STANDARD BOOK NUMBER
International Standard Book Number 8175341517 :
040 ## - CATALOGING SOURCE
Original cataloging agency KABU
Transcribing agency KABU
245 13 - TITLE STATEMENT
Title An Introduction to legal systems /
Statement of responsibility, etc. Edited by J. Duncan M. Derret.
250 ## - EDITION STATEMENT
Edition statement 1st ed.
260 ## - PUBLICATION, DISTRIBUTION, ETC. (IMPRINT)
Place of publication, distribution, etc. Delhi :
Name of publisher, distributor, etc. Universal Law,
Date of publication, distribution, etc. 1968.
300 ## - PHYSICAL DESCRIPTION
Extent xix, 203 p.
650 #0 - SUBJECT ADDED ENTRY--TOPICAL TERM
Topical term or geographic name as entry element Law.
-- 0000178067
852 1# - LOCATION
-- p480 KES
908 ## - PUT COMMAND PARAMETER (RLIN)
Put command parameter 100610
950 ## - LOCAL HOLDINGS (RLIN)
-- 1
Holdings
Withdrawn status Lost status Source of classification or shelving scheme Not for loan Home library Current library Date acquired Total Checkouts Full call number Barcode Date last seen Price effective from Koha item type
    Library of Congress Classification   Kabarak, Main Campus Kabarak, Main Campus 17/12/2015   K583 .I58 1968 c. 1 24977 17/12/2015 17/12/2015 General Collection
Designed with assistance from East African Informatics Ltd